Elementos de la hélice de avión / (Record no. 111442)

MARC details
000 -LEADER
campo de control de longitud fija 00761nam a2200217 4500
001 - NÚMERO DE CONTROL
campo de control 111442
003 - IDENTIFICADOR DE NÚMERO DE CONTROL
campo de control ES-MaACL
005 - FECHA Y HORA DE LA ÚLTIMA TRANSACCIÓN
campo de control 20230906185312.0
007 - CAMPO FIJO DE DESCRIPCIÓN FÍSICA--INFORMACIÓN GENERAL
campo de control de longitud fija t|
008 - DATOS DE LONGITUD FIJA--INFORMACIÓN GENERAL
campo de control de longitud fija 061121s1950 sp r ||||1| spa d
100 1# - ENTRADA PRINCIPAL--NOMBRE DE PERSONA
Nombre de persona Nelson, Wilbur C.
9 (RLIN) 85370
245 10 - MENCIÓN DEL TÍTULO
Título Elementos de la hélice de avión /
Mención de responsabilidad, etc. Wilbur C. Nelson; traducido del inglés por G. Millán.
260 ## - PUBLICACIÓN, DISTRIBUCIÓN, ETC.
Lugar de publicación, distribución, etc. Madrid :
Nombre del editor, distribuidor, etc. Instituto Nacional de Técnica Aeronáutica,
Fecha de publicación, distribución, etc. 1950.
300 ## - DESCRIPCIÓN FÍSICA
Extensión X, 149 p. :
Otras características físicas il. ;
Dimensiones 25 cm.
490 1# - MENCIÓN DE SERIE
Mención de serie Publicaciones técnicas I.N.T.A.
700 1# - ENTRADA AGREGADA--NOMBRE PERSONAL
Nombre de persona Millán, G.
9 (RLIN) 81127
710 2# - ENTRADA AGREGADA--NOMBRE DE ENTIDAD CORPORATIVA
Nombre de entidad corporativa o nombre de jurisdicción como elemento de entrada Instituto Nacional de Técnica Aeronáutica (España)
9 (RLIN) 5192
830 0# - PUNTO DE ACCESO ADICIONAL DE SERIE-TÍTULO UNIFORME
Título uniforme Publicaciones técnicas I.N.T.A.
9 (RLIN) 233066
852 ## - LOCALIZACIÓN
Ubicación ES-MaACL
Número de control de estantería D-7338
Sublocalización o colección R.32366
Holdings
Estatus retirado Estado de pérdida Estado de daño No para préstamo Biblioteca de origen Biblioteca actual Ubicación en estantería Fecha de adquisición Fuente de adquisición Total de préstamos Signatura topográfica completa Código de barras Visto por última vez Precio de reemplazo Tipo de ítem Koha
        Biblioteca del Ateneo de Madrid Biblioteca del Ateneo de Madrid Sala Valle Inclán 17/01/2008     D-7338 901116262 23/02/2023 23/02/2023 Libro impreso